000 00596nam a22002052 4500
001 0000006040
005 20151217152011.0
008 070912s xx 000 0 eng d
020 _a0070472424 :
_cKES 2,400
040 _aKABU
_cKABU
100 1 _aLucas, Henry C.
_@0000156065
245 1 0 _aInformation technology for management.
250 _a7th ed.
260 _aNew Delhi :
_bTata McGraw-Hill,
_c2000.
300 _axxii, 730 p.
650 0 _aManagement information systems.
_@0000148209
908 _a070912
950 _@1
999 _c7173
_d7173